Взаимосвязь бережливого производства и системы менеджмента качества; Проблемы управления рыночной экономикой; Т. 1
| Parent link: | Проблемы управления рыночной экономикой: межрегиональный сборник научных трудов/ Национальный исследовательский Томский политехнический университет (ТПУ) ; под ред. И. Е. Никулиной ; Л. Р. Тухватулиной ; Н. В. Черепановой.— , 2015 Т. 1.— 2015.— [С. 18-23] |
|---|---|
| 1. Verfasser: | |
| Körperschaft: | |
| Weitere Verfasser: | |
| Zusammenfassung: | Заглавие с титульного экрана |
| Sprache: | Russisch |
| Veröffentlicht: |
2015
|
| Schriftenreihe: | Менеджмент |
| Schlagworte: | |
| Online-Zugang: | http://earchive.tpu.ru/handle/11683/19251 http://www.lib.tpu.ru/fulltext/c/2015/C53/004.pdf |
| Format: | Elektronisch Buchkapitel |
| KOHA link: | https://koha.lib.tpu.ru/cgi-bin/koha/opac-detail.pl?biblionumber=612587 |
MARC
| LEADER | 00000naa2a2200000 4500 | ||
|---|---|---|---|
| 001 | 612587 | ||
| 005 | 20231213155610.0 | ||
| 035 | |a (RuTPU)RU\TPU\conf\10709 | ||
| 035 | |a RU\TPU\conf\10706 | ||
| 090 | |a 612587 | ||
| 100 | |a 20150619d2015 k y0rusy50 ca | ||
| 101 | 0 | |a rus | |
| 102 | |a RU | ||
| 105 | |a y z 101zy | ||
| 135 | |a drnn ---uucaa | ||
| 181 | 0 | |a i | |
| 182 | 0 | |a b | |
| 200 | 1 | |a Взаимосвязь бережливого производства и системы менеджмента качества |f Е. Н. Дырина, Н. А. Гаврикова | |
| 203 | |a Текст |c электронный | ||
| 225 | 1 | |a Менеджмент | |
| 300 | |a Заглавие с титульного экрана | ||
| 320 | |a [Библиогр.: с. 22-23 (10 назв.)] | ||
| 337 | |a Adobe Reader | ||
| 461 | 1 | |0 (RuTPU)RU\TPU\conf\10370 |t Проблемы управления рыночной экономикой |o межрегиональный сборник научных трудов |f Национальный исследовательский Томский политехнический университет (ТПУ) ; под ред. И. Е. Никулиной ; Л. Р. Тухватулиной ; Н. В. Черепановой |d 2015 | |
| 463 | 1 | |0 (RuTPU)RU\TPU\conf\10371 |t Т. 1 |v [С. 18-23] |d 2015 | |
| 610 | 1 | |a труды учёных ТПУ | |
| 610 | 1 | |a электронный ресурс | |
| 610 | 1 | |a взаимосвязи | |
| 610 | 1 | |a бережливое производство | |
| 610 | 1 | |a менеджмент качества | |
| 700 | 1 | |a Дырина |b Е. Н. | |
| 701 | 1 | |a Гаврикова |b Н. А. |c экономист |c старший преподаватель Томского политехнического университета |f 1978- |g Надежда Александровна |3 (RuTPU)RU\TPU\pers\31940 |9 16009 | |
| 712 | 0 | 2 | |a Национальный исследовательский Томский политехнический университет (ТПУ) |b Институт социально-гуманитарных технологий (ИСГТ) |b Кафедра менеджмента (МЕН) |3 (RuTPU)RU\TPU\col\18855 |
| 801 | 2 | |a RU |b 63413507 |c 20210211 |g RCR | |
| 856 | 4 | |u http://earchive.tpu.ru/handle/11683/19251 | |
| 856 | 4 | |u http://www.lib.tpu.ru/fulltext/c/2015/C53/004.pdf | |
| 942 | |c BK | ||